Anagrammes - Prénoms féminins - Série 09 - Statistiques

Statistiques générales
  • Ce quiz a été pris 458 fois
  • Le résultat moyen est 7 sur 10
Statistiques - réponses
Anagramme Prénom % Correct
DEAU Aude
97%
ECLAIR Claire
96%
INJUSTE Justine
94%
DENPHILE Delphine
93%
DEALE Adèle
92%
BACTERIE Béatrice
64%
GLAMIA Magali
51%
CEINBREE Bérénice
49%
FRONCELE Florence
27%
DALBINE Belinda
13%
Aucun quiz correspondant
Distribution des résultats
% des personnes avec chaque résultat
Percentile par nombre de réponses
Votre historique - résultats
Vous n’avez pas pris ce quiz